000 00652nam a2200205 4500
001 138001
003 ES-MaACL
005 20230906195502.0
007 t|
008 070214s1975 sp r ||||1| spa d
100 1 _aSánchez Guzmán, José Ramón.
_9102694
245 1 3 _aLa actividad publicitaria de la empresa /
_cJosé Ramón Sánchez Guzmán.
260 _aMadrid :
_bInstituto Nacional de Publicidad,
_c1975.
300 _a320 p. ;
_c20 cm.
490 1 _aTesis doctorales
710 2 _aInstituto Nacional de Publicidad (España)
_95184
830 0 _aTesis doctorales
_9177408
852 _aES-MaACL
_jE-8634
_bR.92907
999 _c138001
_d138001